La teoría de piaget y la educación preescolar /

Guardado en:
Autor Principal: Kamii, Constance Kazuko
Otros Autores: Devries Rheta
Formato: Libro
Publicado: Argentina : Visor, 1991
Edición:4a. ed.
Materias:
Etiquetas: Agregar Etiqueta
Sin Etiquetas, Sea el primero en etiquetar este registro!
LEADER 00769nam a22002055a 4500
001 CEM.cems003541
005 19000101000000.0
008 130507s1991##################000#0#####d
003 CEMS
082 0 4 |a 372.21 
100 1 |a Kamii, Constance Kazuko 
245 1 0 |a La teoría de piaget y la educación preescolar /  |c Constance Kazuko Kamii 
250 |a 4a. ed. 
260 |a Argentina :  |b Visor,  |c 1991 
300 |a 128 p. 
505 0 |a Las bases del programa.-Implicaciones pedagogicas.-Los objetivos del programa.-Selecci¢n del contenido.-Organizaci¢n del contenido.-Modos de realizaci¢n.-Investigaci¢n y evaluaci¢n.- 
653 |a Educacion 
653 |a Educacion preescolar 
700 1 |a Devries Rheta 
859 |a CEMS  |b BIB. CEMS - 11 de abril  |h 372.21  |i K128a3  |p 16680.92  |t Ej.1